Community- Which Character said this? - Statistics

General Stats
  • This quiz has been taken 94 times
  • The average score is 10 of 20
Answer Stats
Hint Answer % Correct
I agree with brown Jamie Lee Curtis Jeff Winger
89%
I TOLD PIERCE I NEVER WANTED TO MEET LAVAR IN PERSON, I JUST WANTED A PICUTRE, YOU CAN'T DISAPPOINT A PICTURE. Troy Barnes
82%
I'm only here because of a brief addiction to pills which made me lose my scholarship and virginity! Annie Edison
80%
Would you say i'm a level 7 susceptible Dean Pelton
78%
Asian Annie, Obama's America Pierce Hawthorne
78%
She sleeps on the couch, she's a coucher! Abed Nadir
72%
I'll make your ass sense Shirley Bennett
68%
Show me on the dinner roll where you're heart! Britta Perry
64%
At one point, i was teaching you cling-on! Ben Chang
63%
My MOTHER was a Stallsbry WHORE! Ian Duncan
50%
You won't get ice cream for Law and Order night because it feels too marriage-y Professor Slater
36%
Everyone's my bro in the whole entire universe, cause everything's connected Vaughn
33%
PUBLISHERS ARE INTERESTED! Buzz Hickey
32%
You could have lived the rest of your life as a happy pansexual imp Vice Dean Laybourne
26%
No, because that's moon man talk Frankie Dart
24%
Classic wrap up! Leonard
22%
Oh, you haven't seen, how mean this dean, can be... an. Dean Spreck
21%
I'll have... A BIRTHDAY CAKE! Professor Whitman
17%
For homework, drink a glass of cognac in a bathtub Professor Garrity
11%
Secretary is a little degrading to women , I help the dean do office-y things Sabrina
5%
No matching quizzes found
Score Distribution
Percent of People with Each Score
Percentile by Number Answered
Your Score History
You have not taken this quiz